О природе структурных изменений во время деформирования металла при повышенных температурах (Запись № 6494683)

Подробности
000 -МАРКЕР
контрольное поле 01908nam0a22003251 4500
001 - ИДЕНТИФИКАТОР ЗАПИСИ
контрольное поле rc\2697883
005 - ИДЕНТИФИКАТОР ВЕРСИИ
контрольное поле 20250623165039.0
035 ## - ДРУГИЕ СИСТЕМНЫЕ НОМЕРА
Идентификатор записи (NLR Aleph) 006826059
100 ## - ДАННЫЕ ОБЩЕЙ ОБРАБОТКИ
Данные общей обработки 20110915d1933 |||y0rusy50 ca
101 0# - ЯЗЫК РЕСУРСА
Язык текста, звукозаписи и т.д. русский
102 ## - СТРАНА ПУБЛИКАЦИИ ИЛИ ПРОИЗВОДСТВА
Страна публикации Российская Федерация
105 ## - ПОЛЕ КОДИРОВАННЫХ ДАННЫХ: ТЕКСТОВЫЕ МАТЕРИАЛЫ, МОНОГРАФИЧЕСКИЕ
Кодированные данные о монографическом текстовом документе a z |||||
200 1# - ЗАГЛАВИЕ И СВЕДЕНИЯ ОБ ОТВЕТСТВЕННОСТИ
Основное заглавие О природе структурных изменений во время деформирования металла при повышенных температурах
Сведения, относящиеся к заглавию Структурный рентгеноанализ явлений при штамповке алюминиевых сплавов
-- [Сборник статей]
Первые сведения об ответственности Е. Ф. Бахметев, М. Д. Воздвиженский, С. И. Губкин, Г. Ф. Косолапов, Б. М. Ровинский
210 ## - ПУБЛИКАЦИЯ, РАСПРОСТРАНЕНИЕ И ДР.
Место издания, распространения и т.д. Москва
-- Ленинград
Имя издателя, распространителя и т. д. Цветметиздат
Дата издания, распространения и т.д. 1933
Место изготовления Ленинград
Имя изготовителя тип. "Кр. печатник"
215 ## - ФИЗИЧЕСКАЯ ХАРАКТЕРИСТИКА
Специфическое обозначение материала и объем Обл., 132 с.
Другие сведения о физической характеристике ил.
Размеры 23х15 см.
225 1# - СЕРИЯ
Основное заглавие серии Труды Всесоюзного научно-исследовательского института авиационных материалов
Сведения об ответственности НКТП СССР. Глав. упр. авиац. пром-сти
Обозначение тома Вып. 1
300 ## - ОБЩИЕ ПРИМЕЧАНИЯ
Текст примечания Перед загл.: Е. Ф. Бахметев, М. Д. Воздвиженский, С. И. Губкин, Г. Ф. Косолапов и Б. М. Ровинский
320 ## - ПРИМЕЧАНИЯ О НАЛИЧИИ В ДОКУМЕНТЕ БИБЛИОГРАФИИ / УКАЗАТЕЛЯ
Текст примечания Библиогр.: "Литература" в конце каждой статьи
702 #1 - ИМЯ ЛИЦА - ВТОРИЧНАЯ ОТВЕТСТВЕННОСТЬ
Начальный элемент ввода Губкин
Часть имени, кроме начального элемента ввода С.И.
Код отношения Прочие
702 #1 - ИМЯ ЛИЦА - ВТОРИЧНАЯ ОТВЕТСТВЕННОСТЬ
Начальный элемент ввода Косолапов
Часть имени, кроме начального элемента ввода Г.Ф.
Код отношения Прочие
702 #1 - ИМЯ ЛИЦА - ВТОРИЧНАЯ ОТВЕТСТВЕННОСТЬ
Начальный элемент ввода Ровинский
Часть имени, кроме начального элемента ввода Б.М.
Код отношения Прочие
702 #1 - ИМЯ ЛИЦА - ВТОРИЧНАЯ ОТВЕТСТВЕННОСТЬ
Начальный элемент ввода Воздвиженский
Часть имени, кроме начального элемента ввода М.Д.
Код отношения Прочие
702 #1 - ИМЯ ЛИЦА - ВТОРИЧНАЯ ОТВЕТСТВЕННОСТЬ
Начальный элемент ввода Бахметев
Часть имени, кроме начального элемента ввода Е.Ф.
Расширение инициалов личного имени Евгений Федорович
Код отношения Прочие
801 #0 - ИСТОЧНИК ЗАПИСИ
Страна Российская Федерация
Организация NLR
Правила каталогизации psbo
801 #1 - ИСТОЧНИК ЗАПИСИ
Страна Российская Федерация
Организация ELAR
Источник данных rusmarc
852 ## - МЕСТОНАХОЖДЕНИЕ И ШИФР ХРАНЕНИЯ
Идентификатор организации NLR
Шифр хранения (Call Number) 33-18/443(1)
942 ## - ДОПОЛНИТЕЛЬНЫЕ ЭЛЕМЕНТЫ ЗАПИСИ (АБИС)
Тип экземпляра АБИС Книга
980 ## - КОЛЛЕКЦИЯ
Название коллекции Национальная библиография
Экземпляры
Тип экземпляра Дата поступления Библиотека постоянного хранения Библиотека текущего хранения Место хранения Шифр хранения Штрих-код Статус экземпляра
Книга 26.10.2013 РНБ (Садовая) РНБ (Садовая) Русский книжный фонд -Главное здание, Ленинский читальный зал 33-18/443(1) 6826059-10